El método Mackinder

保存先:
書誌詳細
第一著者: Comas, Margarita (著者)
フォーマット: 図書
言語:スペイン語
出版事項: Buenos Aires Losada 1945
シリーズ:La nueva educación, 6
主題:
タグ: タグ追加
タグなし, このレコードへの初めてのタグを付けませんか!

MARC

LEADER 00000nam a2200000 a 4500
001 UCX9944
003 CL-VaPUC
008 940704e19450000AG |||||||||||||||||spa|d
082 0 4 |a 371.3  |b COM  |2 21 
100 0 |a Comas, Margarita  |e author  |9 327481 
245 1 3 |a El método Mackinder 
300 |a 121 p 
942 |c BK 
945 |d 19940704 00:00:00  |a rbrito 
260 |a Buenos Aires  |b Losada  |c 1945 
650 7 |a METODO MACKINDER  |2 CL-VaPUC  |9 327482 
650 0 |a Métodos de enseñanza  |9 270413 
583 |a last modification  |c 19940704 00:00:00  |k Rodrigo Vera 
490 0 |a La nueva educación, 6 
999 |c 229057  |d 229055 
952 |0 0  |1 0  |4 0  |6 371_300000000000000_COM_1945  |7 0  |8 P  |9 229602  |a BIBEDU  |b BIBEDU  |c BIBEDU_PB  |d 2019-11-15  |i 2987473  |o 371.3 COM 1945  |p 2987473  |r 2024-01-25  |w 2019-11-15  |y BK  |k EDU